Platobné karty nezostali v elitných kluboch, ale rýchlo si podmanili masy

Využívanie platobných kariet v bankách jednotlivých štátov. Tvrdá konkurencia na ruskom trhu platobných kariet. Na slovenskom trhu uviedla prvé bankové karty Slovenská sporiteľňa. Bankomaty pomáhajú bankám udržať si klientov.

Guardado en:
Detalles Bibliográficos
Autor principal: Kovalčík, J.
Otros Autores: Rival, P., Schlesingerová, K.
Formato: Capítulo de libro
Lenguaje:eslovaco
Materias:
Etiquetas: Agregar Etiqueta
Sin Etiquetas, Sea el primero en etiquetar este registro!

MARC

LEADER 00000naa a2200000 4500
001 r020358
005 20221205103040.9
041 0 |a slo 
044 |a SK 
245 1 0 |a Platobné karty nezostali v elitných kluboch, ale rýchlo si podmanili masy  |c J. Kovalčík, P. Rival, K. Schlesingerová 
520 |a Využívanie platobných kariet v bankách jednotlivých štátov. Tvrdá konkurencia na ruskom trhu platobných kariet. Na slovenskom trhu uviedla prvé bankové karty Slovenská sporiteľňa. Bankomaty pomáhajú bankám udržať si klientov. 
610 2 0 |a banky 
610 2 0 |a karty platobné 
610 2 0 |a bankomaty 
610 2 0 |a Slovensko 
610 2 0 |a Slovenská sporiteľňa, a.s. Bratislava 
610 2 0 |a Rusko 
100 1 |a Kovalčík, J. 
700 1 |a Rival, P. 
700 1 |a Schlesingerová, K.